| 000 | 00000nam##2200000za#4500 |
| 001 | 9.651429 |
| 003 | CaOODSP |
| 005 | 20210927150339 |
| 007 | ta |
| 008 | 150407|2008||||xxc||||| f|0| 0 eng|d |
| 020 | |a978-1-100-11569-6 |
| 040 | |aCaOODSP|beng |
| 043 | |an-cn--- |
| 086 | 1 |aR3-88/2008E |
| 110 | 1 |aCanada. |bIndian and Northern Affairs Canada. |
| 245 | 10|aHow has the Port Radium Remediation Project made the site safer for people, animals, and the environment? |
| 260 | |aOttawa - Ontario : |bIndian and Northern Affairs |c2008. |
| 300 | |a1 folded sheet [6]p. : |bphotographs ; |c28 cm. |
| 563 | |aPamphlet |
| 590 | |a09-11|b2009-03-13 |
| 775 | 08|tComment le projet de restauration du site de Port Radium a-t-il permis d'assurer la protection des personnes, des animaux et de l'environnement? |w(CaOODSP)9.684455 |
| 776 | 0#|tHow has the Port Radium Remediation Project made the site safer for people, animals, and the environment? |w(CaOODSP)9.691688 |
| 986 | |aQS-Y317-000-EE-A1 |